=LDR 00000nam 2200000 4500 =001 INLIS000000000031881 =005 20200217070423 =035 ##$$a 0010-061300000031881 =008 200217################g##########0#ind## =041 ##$$a Ind =082 ##$$a 025.17 =090 ##$$a 025.17, Wiy t =100 ##$$a Wiyasa, Thomas =245 1#$$a Tugas sekretaris dalam mengelola surat dan arsip dinamis, /$c Drs. Thomas Wiyasa, MBA =260 ##$$a Jakarta :$b Pradnya Paramita,$c 2003 =300 ##$$a x, 208 hlm, : $b Ilus ; $c 21 x 15 cm. =650 #4$$a Arsip dan Kearsipan =850 ##$$a NBPNMAT =020 ##$$a 979-408-473-5 =084 ##$$a 025.17 Wiy t =504 ##$$a Bibliografi : Hlm.207 =990 ##$$a 00056231